LEADER 00872nam0-2200253 --450 001 9910834901003321 005 20240311125126.0 100 $a20240306d1994----kmuy0itay5050 ba 101 0 $aeng 102 $aIT 105 $a 001yy 200 1 $aGiovanni Gentile, founder and president of IsMEO$electure delivered by the president of Institute Gherardo Gnoli on 21th May 1994 210 $aRome$cIstituto italiano per il Medio ed Estremo Oriente$d1994 215 $aP. 223-229$d27 cm 300 $aEstr. da: East and West, vol. 44, n. 2/4 (dicembre 1994) 676 $a631$v22$zita 700 1$aGnoli,$bGherardo$0207863 801 0$aIT$bUNINA$gREICAT$2UNIMARC 901 $aBK 912 $a9910834901003321 952 $aDFT OPUSC. 04 (05)$b2024/847$fFLFBC 959 $aFLFBC 996 $aGiovanni Gentile, founder and president of IsMEO$94132373 997 $aUNINA